[Event "1st Gujarat GM Open 2018"]
[Site "Ahmedabad"]
[Date "2018.10.07"]
[Round "4"]
[White "Amonatov, Farrukh"]
[Black "Harsha Bharathakoti"]
[Result "0-1"]
[WhiteElo "2615"]
[BlackElo "2492"]
[Annotator "TA"]
[PlyCount "64"]
[EventDate "2018.10.05"]
[EventType "swiss"]
[EventCountry "IND"]
[SourceTitle "playchess.com"]
[Source "ChessBase"]
[SourceQuality "1"]

{[%evp 16,64,18,9,22,-37,0,24,65,35,16,42,13,0,12,-48,-24,-61,-52,-43,-48,-100,-80,-98,-100,-48,0,-189,-148,-138,-148,-175,-191,-201,-136,-437,-422,-428,-400,-412,-427,-652,-635,-743,-754,-976,-958,-1061,-1014,-5363,-4905]} 1. e4 d6 2. d4 Nf6 3. Nc3 g6 4. Be3 c6 5. Qd2 Nbd7 6. f3 b5 7. O-O-O Bg7 8. Kb1 {B07: Pirc-Ufimzew-Verteidigung} Nb6 9. Bd3 {LiveBook: 4 Partien} O-O 10. Bh6 (10. g4 $11) 10... e5 11. Nce2 a6 12. h4 exd4 13. Bxg7 Kxg7 14. h5 c5 $1 15. hxg6 ({Lieber} 15. g4 $1 $11) 15... fxg6 $15 {[#]} 16. Qh6+ $146 Kg8 $1 17. Nf4 {[#] Droht stark Sxg6!} Qe7 18. Ngh3 (18. Nge2 $15) 18... Qg7 $36 {[%mdl 2048] Schwarz bestimmt, wo es lang geht.} 19. Qh4 {Weiss will Sg5 spielen.} Ra7 20. Ng5 Re7 21. Rh2 $2 (21. Nxh7 $1 $11 {und Weiss muss sich keine Sorgen machen.} Nxh7 {[#]} 22. Nxg6 $1 {[%mdl 512]}) 21... c4 22. Be2 Na4 {Droht ...d3! und aus.} 23. Nxh7 Qxh7 24. Qg3 Qg7 25. Nxg6 $2 {[%mdl 8192]} (25. Rdh1 $17 {war die entscheidende Verteidigung.} Kf7 26. Rh6) 25... Kf7 $19 26. Qxd6 Qxg6 27. Rdh1 Ke8 28. e5 (28. Qb8 $142 Kf7 29. Qd6) 28... Qf5 29. f4 Qxf4 30. Rh8 Qxe5 31. Qc6+ Kf7 32. R1h7+ Nxh7 {Precision: Weiß = 31%, Schwarz = 77%.} 0-1

[Event "1st Gujarat GM Open 2018"]
[Site "Ahmedabad"]
[Date "2018.10.07"]
[Round "4"]
[White "Malakhatko, Vadim"]
[Black "Vignesh N R"]
[Result "1/2-1/2"]
[WhiteElo "2552"]
[BlackElo "2447"]
[Annotator "TA"]
[PlyCount "63"]
[EventDate "2018.10.05"]
[EventType "swiss"]
[EventCountry "IND"]
[SourceTitle "playchess.com"]
[Source "ChessBase"]
[SourceQuality "1"]

{[%evp 14,63,27,22,56,62,59,66,64,58,51,0,37,44,49,44,56,31,53,8,9,10,10,0,0,0,0,0,0,0,0,0,0,0,0,-3,-4,-4,-4,-7,-7,-7,-7,-7,-7,-7,-7,-8,0,-7,-7,-7]} 1. d4 {Ramirez Alvarez,Alejandro} d5 2. c4 e6 3. Nf3 Nf6 4. Nc3 Bb4 5. cxd5 exd5 6. Bg5 Qd6 7. Nd2 c6 {D38: Queen's Gambit Declined: Ragozin Defence (4 Nf3 Bb4)} (7... Bf5 8. e3 c6 9. Qb3 Ne4 10. Ndxe4 Bxe4 11. a3 Bxc3+ 12. bxc3 b6 13. Qb4 Qxb4 14. cxb4 a6 15. a4 {1-0 (45) Nakamura,H (2779)-Nguyen,N (2629) Doha 2016}) 8. e3 {LiveBook: 9 Games} Ne4 $146 ({Predecessor:} 8... Bf5 9. Qb3 Nbd7 10. a3 Bxc3 11. bxc3 b6 12. c4 O-O 13. Bf4 Qe6 14. Be2 c5 15. Nf3 {0-1 (64) Sanikidze,T (2549)-Harikrishna,P (2678) Cappelle-la-Grande 2012 CBM 147 Extra [Ramirez Alvarez,Alejandro]}) 9. Ndxe4 dxe4 {White is slightly better.} 10. Bf4 Qg6 11. Qc2 O-O 12. O-O-O (12. Qb3 $14 a5 13. Qc2) 12... Re8 (12... Bxc3 $5 13. Qxc3 (13. bxc3 Bg4 $11) 13... a5 $14) 13. f3 exf3 14. gxf3 Qxc2+ 15. Kxc2 Be6 16. d5 cxd5 {The position is equal.} 17. Nxd5 Ba5 18. Rg1 {[#] Strongly threatening Nf6+.} Bxd5 19. Rxd5 Nc6 20. Rd7 Ne5 21. Bxe5 $1 Rxe5 22. Bc4 Rc8 23. Kd3 Rd8 24. Bxf7+ Kf8 25. Rxd8+ Bxd8 26. Bb3 (26. f4 {is more complex.} Rxe3+ 27. Kxe3 Bb6+ 28. Ke4 Bxg1 29. Bd5) 26... Rxe3+ $1 27. Kxe3 Bb6+ 28. Ke4 Bxg1 29. h3 Ke7 30. f4 a5 31. a4 b6 32. Bc4 {Precision: White = 49%, Black = 68%.} 1/2-1/2

[Event "1st Gujarat GM Open 2018"]
[Site "Ahmedabad"]
[Date "2018.10.07"]
[Round "4"]
[White "Bernadskiy, Vitaliy"]
[Black "Jay Kundaliya"]
[Result "1-0"]
[WhiteElo "2547"]
[BlackElo "2047"]
[Annotator "TA"]
[PlyCount "77"]
[EventDate "2018.10.05"]
[EventType "swiss"]
[EventCountry "IND"]
[SourceTitle "playchess.com"]
[Source "ChessBase"]
[SourceQuality "1"]

{[%evp 13,77,45,41,7,39,26,18,37,38,34,50,59,54,44,64,52,62,45,68,60,55,46,106,81,143,138,140,139,143,143,144,144,141,129,191,140,188,94,217,128,234,150,247,130,296,158,184,195,204,188,370,359,283,348,481,449,455,454,1056,1079,867,710,6299,3987,29997,29998]} 1. e4 c6 2. d4 d5 3. e5 Bf5 4. Nf3 e6 5. Be2 Bg6 6. O-O {B12: Caro-Kann: Advance Variation} Nh6 7. a4 Nf5 {LiveBook: 4 Games} 8. Na3 $146 {White is slightly better.} ({Predecessor:} 8. a5 Nd7 9. c4 a6 10. Nc3 Rc8 11. h3 Be7 12. Qb3 Rc7 13. Bf4 h6 14. Rfd1 Bh7 {½-½ (32) Vachier Lagrave,M (2745)-Mamedyarov,S (2757) Beijing 2013}) 8... Be7 9. c3 O-O 10. Nc2 Nd7 11. a5 f6 12. g4 Nh6 13. exf6 Rxf6 14. Ne5 $36 {[%mdl 2048] White has some pressure.} Nxe5 15. dxe5 Rf7 16. Nd4 Qd7 17. a6 b5 ({Better is} 17... b6 $14) 18. Be3 $16 Kh8 (18... Rb8 $142) 19. b4 Bd8 20. Qd2 Ng8 21. f4 {[#] Threatens to win with f5!} Bb6 22. Nb3 Be4 23. Bd4 Re8 (23... Qe8 $16 24. Bxb6 axb6) 24. Qe3 (24. Bxb6 $18 axb6 25. Qe3) 24... Qc7 25. Nd2 ({White should try} 25. Bxb6 $18 axb6 26. Nd2) 25... Bg6 (25... Bxd4 $16 26. cxd4 (26. Qxd4 Ne7 $16) 26... Rd8) 26. Nf3 (26. Bxb6 $18 axb6 27. Nf3) 26... Rff8 (26... Bxd4 $16 {was worth a try.} 27. Nxd4 Nh6) 27. Rf2 Ne7 (27... Bxd4 $16 28. Nxd4 Nh6) 28. Raf1 ({White should play} 28. Bxb6 $18 axb6 29. Nd4) 28... Nc8 $2 (28... Bxd4 $16 29. Nxd4 Qc8) 29. Nd2 (29. Ng5 $18) 29... Be4 30. Nxe4 dxe4 31. Qxe4 Rd8 $2 (31... Ne7 32. f5 exf5 33. gxf5 Nd5) 32. f5 $18 ({Less strong is} 32. Bd3 g6 $18) 32... Bxd4 33. cxd4 Qe7 34. Bd3 {Hoping for fxe6.} exf5 35. gxf5 {[%cal Bg4f5,Bf5f6][%mdl 32]} Qxb4 (35... Nb6 $142 36. Rc2 (36. Qxc6 Qxb4 37. e6 Rxd4 $16) 36... Nd5) 36. f6 {[%csl Gd3][%cal Re4h7]} g6 37. Rf4 {[%cal Bf2f4,Bf4h4,Bh4h7][%mdl 32]} Rde8 38. Rh4 Nd6 {[#]} 39. Rxh7+ $1 {[%mdl 512] Precision: White = 57%, Black = 19%.} 1-0

[Event "1st Gujarat GM Open 2018"]
[Site "Ahmedabad"]
[Date "2018.10.07"]
[Round "4"]
[White "Ter-Sahakyan, Samvel"]
[Black "Thipsay, Praveen M"]
[Result "1-0"]
[WhiteElo "2547"]
[BlackElo "2410"]
[Annotator "ChessBase"]
[PlyCount "95"]
[EventDate "2018.10.05"]
[EventType "swiss"]
[EventCountry "IND"]
[SourceTitle "playchess.com"]
[Source "ChessBase"]
[SourceQuality "1"]
[TimeControl "5400+30"]

1. e4 {[%emt 0:00:00]} e5 {[%emt 0:00:20]} 2. Nf3 {[%emt 0:00:00]} Nc6 {[%emt 0:00:09]} 3. Bb5 {[%emt 0:00:00]} a6 {[%emt 0:00:08]} 4. Ba4 {[%emt 0:00:00]} Nf6 {[%emt 0:00:10]} 5. O-O {[%emt 0:00:00]} Be7 {[%emt 0:00:18]} 6. Re1 {[%emt 0:00:53]} b5 {[%emt 0:00:17]} 7. Bb3 {[%emt 0:00:06]} d6 {[%emt 0:00:15]} 8. c3 {[%emt 0:00:10]} O-O {[%emt 0:00:06]} 9. h3 {[%emt 0:00:05]} Na5 {[%emt 0:00:28]} 10. Bc2 {[%emt 0:00:06]} c5 {[%emt 0:00:11]} 11. d4 {[%emt 0:00:05]} Qc7 {[%emt 0:00:13]} 12. Nbd2 {[%emt 0:00:08]} cxd4 {[%emt 0:01:08]} 13. cxd4 {[%emt 0:00:04]} Nc6 {[%emt 0:00:38]} 14. Nb3 {[%emt 0:02:09]} a5 {[%emt 0:00:33]} 15. Be3 {[%emt 0:00:25]} a4 {[%emt 0:00:09]} 16. Nbd2 {[%emt 0:00:07]} Bd7 {[%emt 0:00:18]} 17. a3 {[%emt 0:09:49]} Rfc8 {[%emt 0:07:06]} 18. Bd3 {[%emt 0:00:46]} Qb7 {[%emt 0:04:17]} 19. Qe2 {[%emt 0:10:46]} b4 {[%emt 0:11:24]} 20. Nc4 {[%emt 0:24:02]} exd4 {[%emt 0:02:11]} 21. Bf4 {[%emt 0:00:36]} Ne8 {[%emt 0:02:21]} 22. e5 {[%emt 0:00:43]} d5 {[%emt 0:20:47]} 23. Nd6 {[%emt 0:00:35]} Nxd6 {[%emt 0:00:07]} 24. exd6 {[%emt 0:00:06]} Bf8 {[%emt 0:00:19]} 25. Ng5 {[%emt 0:05:20]} h6 {[%emt 0:14:14]} 26. Qh5 {[%emt 0:14:34]} Be8 {[%emt 0:00:39]} 27. Nh7 {[%emt 0:00:09]} Bd7 {[%emt 0:05:14]} 28. Ng5 {[%emt 0:16:09]} Be8 {[%emt 0:01:05]} 29. Bh7+ {[%emt 0:00:15]} Kh8 {[%emt 0:00:09]} 30. Bf5 {[%emt 0:00:03]} g6 {[%emt 0:03:28]} 31. Bxc8 {[%emt 0:00:10]} Rxc8 {[%emt 0:00:17]} 32. Qh4 {[%emt 0:00:46]} Kg8 {[%emt 0:03:21]} 33. Nf3 {[%emt 0:01:42]} g5 {[%emt 0:02:41]} 34. Qg3 {[%emt 0:03:36]} Bg7 {[%emt 0:00:17]} 35. Be5 {[%emt 0:01:28]} Nxe5 {[%emt 0:04:31]} 36. Nxe5 {[%emt 0:00:01]} Rd8 {[%emt 0:03:30]} 37. axb4 {[%emt 0:04:58]} Bb5 {[%emt 0:00:30]} 38. Rac1 {[%emt 0:02:06]} Qa6 {[%emt 0:03:29]} 39. Nxf7 {[%emt 0:02:00]} Rd7 {[%emt 0:04:13]} 40. Rc7 {[%emt 0:00:40]} d3 {[%emt 0:01:33]} 41. Qf3 {[%emt 0:02:39]} Rxc7 {[%emt 0:06:07]} 42. dxc7 {[%emt 0:00:01]} d2 {[%emt 0:00:36]} 43. Re7 {[%emt 0:00:50]} Be2 {[%emt 0:00:29]} 44. Re8+ {[%emt 0:01:20]} Kh7 {[%emt 0:00:19]} 45. Qf5+ {[%emt 0:00:19]} Qg6 {[%emt 0:00:05]} 46. c8=Q {[%emt 0:00:32]} d1=Q+ {[%emt 0:00:14]} 47. Kh2 {[%emt 0:00:06]} Qd4 {[%emt 0:00:53]} 48. Rxe2 {[%emt 0:00:20]} 1-0

[Event "1st Gujarat GM Open 2018"]
[Site "Ahmedabad"]
[Date "2018.10.07"]
[Round "4"]
[White "Karthik Venkataraman"]
[Black "Prasad, Devaki V"]
[Result "1-0"]
[WhiteElo "2525"]
[BlackElo "2285"]
[Annotator "TA"]
[PlyCount "61"]
[EventDate "2018.10.05"]
[EventType "swiss"]
[EventCountry "IND"]
[SourceTitle "playchess.com"]
[Source "ChessBase"]
[SourceQuality "1"]

{[%evp 9,61,50,56,57,61,60,89,61,53,53,62,70,82,80,85,62,54,67,90,89,99,97,100,111,111,100,107,88,140,114,204,238,285,275,271,268,506,454,552,502,404,356,555,583,456,576,553,510,493,432,446,450,462,460]} 1. b3 d5 2. Bb2 c5 3. e3 Nc6 4. Nf3 f6 (4... Nf6 5. Bb5 Bd7 6. c4 a6 7. Bxc6 Bxc6 8. Ne5 Rc8 9. O-O e6 10. d3 Be7 11. Nd2 O-O 12. f4 Nd7 13. Nxc6 Rxc6 {1-0 (33) Karjakin,S (2773)-Duda,J (2737) chess.com INT 2018}) 5. d4 e6 6. Bd3 {A06: Réti Opening:1 Nf3 d5} Bd6 7. O-O Nge7 8. c4 {White is better.} cxd4 9. exd4 O-O 10. Nc3 a6 11. Re1 $146 ({Predecessor:} 11. Rc1 Qe8 12. Na4 {0-1 (27) Pereira,H (1882)-Martinez Romero,M (2434) Dosquebradas 2018}) 11... Bd7 12. Bf1 Rc8 13. g3 h6 14. Bh3 f5 15. Bg2 dxc4 16. bxc4 {[%cal Bb3c4,Bc4c5][%mdl 32]} Na5 17. c5 Bb8 18. Qe2 Re8 (18... Ng6 $142) 19. Rad1 $36 {[%mdl 2048] White is really pushing.} b5 {[#]} (19... Ng6 $16 {was worth a try.}) 20. d5 $1 $18 {[%cal Rd5e6]} Nxd5 21. Nxd5 exd5 22. Qd3 Rxe1+ $2 (22... Nc4 {might work better.}) 23. Rxe1 (23. Nxe1 Be6 $16) 23... Qf8 24. Qxd5+ Qf7 25. Nh4 ({But not} 25. Re7 $2 Qxd5 26. Nh4 Qd1+ 27. Bf1 Nc6 $19) 25... Bc6 (25... Re8 $142 26. Qxf7+ Kxf7 27. Bd5+ Be6) 26. Qd4 {Strongly threatening Nxf5!White is clearly winning.} Bxg2 27. Nxf5 $1 ({Weaker is} 27. Nxg2 Nc4 $11) ({Not} 27. Kxg2 Nc6 $16) 27... Nc6 {[#]} 28. Nxh6+ $1 {[%mdl 512]} Kh7 (28... gxh6 29. Qh8#) 29. Nxf7 {[%csl Gb2][%cal Rd4g7]} Nxd4 30. Kxg2 Nf5 31. Re6 {Precision: White = 89%, Black = 51%.} 1-0

[Event "1st Gujarat GM Open 2018"]
[Site "Ahmedabad"]
[Date "2018.10.07"]
[Round "4"]
[White "Stany, G.A."]
[Black "Raghunandan, Kaumandur Srihari"]
[Result "1-0"]
[WhiteElo "2502"]
[BlackElo "2394"]
[Annotator "ChessBase"]
[PlyCount "83"]
[EventDate "2018.10.05"]
[EventType "swiss"]
[EventCountry "IND"]
[SourceTitle "playchess.com"]
[Source "ChessBase"]
[SourceQuality "1"]
[TimeControl "5400+30"]

1. e4 {[%emt 0:00:00]} c5 {[%emt 0:00:00]} 2. Nf3 {[%emt 0:00:00]} d6 {[%emt 0:00:00]} 3. d4 {[%emt 0:00:00]} cxd4 {[%emt 0:00:00]} 4. Nxd4 {[%emt 0:00:00]} Nf6 {[%emt 0:00:07]} 5. Nc3 {[%emt 0:00:00]} a6 {[%emt 0:00:05]} 6. Be3 {[%emt 0:00:01]} e5 {[%emt 0:01:28]} 7. Nb3 {[%emt 0:00:05]} Be6 {[%emt 0:00:09]} 8. f3 h5 {[%emt 0:00:43]} 9. Qd2 {[%emt 0:00:28]} Be7 {[%emt 0:02:09]} 10. Be2 {[%emt 0:02:18]} Nbd7 {[%emt 0:01:31]} 11. Nd5 {[%emt 0:00:06]} Nxd5 {[%emt 0:01:47]} 12. exd5 {[%emt 0:00:09]} Bf5 {[%emt 0:00:05]} 13. O-O {[%emt 0:01:46]} O-O {[%emt 0:00:47]} 14. c4 {[%emt 0:15:24]} Bg6 {[%emt 0:04:04]} 15. Na5 {[%emt 0:00:42]} Qc7 {[%emt 0:13:06]} 16. b4 {[%emt 0:00:30]} b6 {[%emt 0:12:42]} 17. Nc6 {[%emt 0:00:17]} Bf6 {[%emt 0:00:10]} 18. Rac1 {[%emt 0:06:14]} Rfe8 {[%emt 0:02:52]} 19. Bd1 {[%emt 0:07:15]} a5 {[%emt 0:05:48]} 20. bxa5 {[%emt 0:01:41]} bxa5 {[%emt 0:00:07]} 21. Ba4 {[%emt 0:00:13]} Bf5 {[%emt 0:10:04]} 22. Bb5 {[%emt 0:09:08]} Rec8 {[%emt 0:12:38]} 23. a4 {[%emt 0:03:34]} Kh7 {[%emt 0:05:09]} 24. g4 {[%emt 0:12:19]} Bg6 {[%emt 0:01:41]} 25. h3 {[%emt 0:02:12]} Nb8 {[%emt 0:05:24]} 26. c5 {[%emt 0:09:08]} dxc5 {[%emt 0:01:29]} 27. d6 {[%emt 0:05:45]} Qb7 {[%emt 0:00:15]} 28. Nxb8 {[%emt 0:05:36]} Raxb8 {[%emt 0:00:51]} 29. d7 {[%emt 0:00:46]} Rc7 {[%emt 0:02:58]} 30. Rxc5 {[%emt 0:05:47]} Be7 {[%emt 0:02:39]} 31. Rxe5 {[%emt 0:03:23]} Rc2 {[%emt 0:00:24]} 32. Qd5 {[%emt 0:00:04]} Qc7 {[%emt 0:00:17]} 33. gxh5 {[%emt 0:02:38]} Bf5 {[%emt 0:00:18]} 34. Bf2 {[%emt 0:00:09]} Rd2 {[%emt 0:02:58]} 35. Qxd2 {[%emt 0:00:46]} Qxe5 {[%emt 0:00:05]} 36. Re1 {[%emt 0:02:31]} Qf6 {[%emt 0:00:12]} 37. Qf4 {[%emt 0:00:17]} Bd6 {[%emt 0:07:30]} 38. Qh4 {[%emt 0:00:08]} Qc3 {[%emt 0:04:18]} 39. d8=Q {[%emt 0:01:36]} Rxd8 {[%emt 0:00:12]} 40. Qxd8 {[%emt 0:00:07]} Qd2 {[%emt 0:00:17]} 41. Re8 {[%emt 0:02:37]} Qc1+ {[%emt 0:02:08]} 42. Bf1 {[%emt 0:00:08]} 1-0

[Event "1st Gujarat GM Open 2018"]
[Site "Ahmedabad"]
[Date "2018.10.07"]
[Round "4"]
[White "Neverov, Valeriy"]
[Black "Kravtsiv, Martyn"]
[Result "1/2-1/2"]
[WhiteElo "2488"]
[BlackElo "2654"]
[Annotator "TA"]
[PlyCount "60"]
[EventDate "2018.10.05"]
[EventType "swiss"]
[EventCountry "IND"]
[SourceTitle "playchess.com"]
[Source "ChessBase"]
[SourceQuality "1"]

{[%evp 10,60,28,0,0,0,0,0,0,0,5,9,13,-5,22,0,12,6,23,21,10,13,29,29,26,35,48,29,28,0,28,0,35,34,35,35,35,28,35,28,28,28,28,0,0,0,0,0,0,0,0,0,0]} 1. d4 Nf6 2. c4 e6 3. Nf3 d5 4. Nc3 Nbd7 5. cxd5 exd5 6. a3 {LiveBook: 3 Games. D35: Queen's Gambit Declined: Exchange Variation} (6. Bf4 Nb6 7. e3 Bd6 8. Bd3 Bxf4 9. exf4 Bg4 10. Qe2+ Qe7 11. Qxe7+ Kxe7 12. Ne5 Bd7 13. f3 Ne8 14. h3 {½-½ (95) Le,Q (2737)-Kravtsiv,M (2672) Riadh 2017}) 6... Nb6 $146 ({Predecessor:} 6... g6 7. Qb3 Nb6 8. Bf4 c6 9. e3 Bg7 10. Bd3 O-O 11. h3 Qe7 12. O-O {1-0 (53) Gonzalez Zamora,J (2532)-Della Morte,P (2282) Cuernavaca 2015}) 7. Bg5 h6 8. Bh4 Be7 9. e3 Ne4 10. Bxe7 Qxe7 11. Rc1 Bg4 12. h3 {[%cal Bh2h3,Bh3h4,Bh4h5][%mdl 32]} Bxf3 (12... Nxc3 {is more complex.} 13. Rxc3 Bf5 14. Be2 O-O 15. O-O c6) 13. Qxf3 Nxc3 14. Rxc3 O-O 15. Bd3 Qd6 16. h4 f5 17. g3 c6 18. h5 Qd7 19. Rh4 Rf6 20. Kf1 Raf8 21. b4 a6 22. Kg2 Nc8 23. a4 {[%cal Ba3a4,Ba4a5][%mdl 32]} b5 24. a5 Nd6 25. Rf4 Ne4 26. Bxe4 fxe4 {The position is equal.} 27. Qe2 R8f7 28. Rc1 Kh7 29. Rh1 Qd6 30. Qd2 Rf5 {Precision: White = 63%, Black = 58%.} 1/2-1/2

[Event "1st Gujarat GM Open 2018"]
[Site "Ahmedabad"]
[Date "2018.10.07"]
[Round "4"]
[White "Babujian, Levon"]
[Black "Popov, Ivan"]
[Result "1-0"]
[WhiteElo "2456"]
[BlackElo "2611"]
[Annotator "ChessBase"]
[PlyCount "105"]
[EventDate "2018.10.05"]
[EventType "swiss"]
[EventCountry "IND"]
[SourceTitle "playchess.com"]
[Source "ChessBase"]
[SourceQuality "1"]
[TimeControl "5400+30"]

1. d4 {[%emt 0:00:00]} d5 {[%emt 0:01:59]} 2. c4 {[%emt 0:00:00]} dxc4 {[%emt 0:00:10]} 3. e4 {[%emt 0:00:00]} Nf6 {[%emt 0:00:15]} 4. e5 {[%emt 0:00:09]} Nd5 {[%emt 0:00:10]} 5. Bxc4 {[%emt 0:00:08]} Nb6 {[%emt 0:00:08]} 6. Bb3 {[%emt 0:00:06]} Bf5 {[%emt 0:00:46]} 7. Nf3 {[%emt 0:02:59]} e6 {[%emt 0:00:51]} 8. Nc3 {[%emt 0:00:23]} Nc6 {[%emt 0:03:55]} 9. O-O {[%emt 0:00:07]} Nb4 {[%emt 0:02:00]} 10. Bg5 {[%emt 0:00:05]} Qd7 {[%emt 0:03:46]} 11. a3 {[%emt 0:01:00]} N4d5 {[%emt 0:00:17]} 12. Nh4 {[%emt 0:00:13]} h6 {[%emt 0:07:54]} 13. Nxf5 {[%emt 0:01:04]} hxg5 {[%emt 0:03:00]} 14. Ne3 {[%emt 0:00:24]} c6 {[%emt 0:04:42]} 15. Ncxd5 {[%emt 0:11:04]} Nxd5 {[%emt 0:01:47]} 16. Nxd5 {[%emt 0:00:47]} exd5 {[%emt 0:01:28]} 17. Bc2 {[%emt 0:00:08]} O-O-O {[%emt 0:02:05]} 18. Qd2 {[%emt 0:06:56]} f6 {[%emt 0:04:44]} 19. Rfe1 {[%emt 0:08:50]} fxe5 {[%emt 0:08:42]} 20. dxe5 {[%emt 0:00:43]} Be7 {[%emt 0:05:49]} 21. h3 {[%emt 0:06:12]} Rh4 {[%emt 0:08:28]} 22. Bd1 {[%emt 0:10:31]} Rdh8 {[%emt 0:00:08]} 23. e6 {[%emt 0:02:03]} Qd6 {[%emt 0:02:53]} 24. Bg4 {[%emt 0:05:13]} Qf4 {[%emt 0:00:21]} 25. Qe2 {[%emt 0:02:33]} R4h6 {[%emt 0:00:15]} 26. Rad1 {[%emt 0:01:31]} Rf6 {[%emt 0:02:06]} 27. b4 {[%emt 0:06:00]} Rhf8 {[%emt 0:01:22]} 28. Rd2 {[%emt 0:01:15]} Qd6 {[%emt 0:12:42]} 29. Qe3 {[%emt 0:03:09]} Kb8 {[%emt 0:02:06]} 30. Qd3 {[%emt 0:02:36]} Rd8 {[%emt 0:06:30]} 31. Rde2 {[%emt 0:02:28]} Rdf8 {[%emt 0:00:44]} 32. Rb1 {[%emt 0:02:00]} Rf4 {[%emt 0:01:31]} 33. Qg6 {[%emt 0:01:30]} Bf6 {[%emt 0:06:01]} 34. g3 {[%emt 0:04:10]} Rc4 {[%emt 0:00:06]} 35. Rb3 {[%emt 0:05:12]} Qe7 {[%emt 0:00:25]} 36. Rf3 {[%emt 0:01:10]} Rc3 {[%emt 0:00:40]} 37. Kg2 {[%emt 0:02:19]} Rxf3 {[%emt 0:00:13]} 38. Bxf3 {[%emt 0:00:04]} Rd8 {[%emt 0:02:41]} 39. Qf5 {[%emt 0:02:50]} d4 {[%emt 0:01:28]} 40. Be4 {[%emt 0:04:13]} Rd6 {[%emt 0:01:10]} 41. Bd3 {[%emt 0:00:56]} Rd5 {[%emt 0:00:02]} 42. Qg6 {[%emt 0:01:50]} Re5 {[%emt 0:00:14]} 43. Rxe5 {[%emt 0:00:24]} Bxe5 {[%emt 0:00:02]} 44. Qf7 {[%emt 0:01:52]} Bf6 {[%emt 0:02:33]} 45. Kf3 {[%emt 0:01:08]} Kc7 {[%emt 0:00:02]} 46. Ke4 {[%emt 0:00:15]} Kd6 {[%emt 0:00:50]} 47. Kf5 {[%emt 0:01:43]} g6+ {[%emt 0:01:21]} 48. Kxg6 {[%emt 0:00:16]} Be5 {[%emt 0:00:38]} 49. Qxe7+ {[%emt 0:00:26]} Kxe7 {[%emt 0:00:01]} 50. Kxg5 {[%emt 0:00:13]} Kxe6 {[%emt 0:00:07]} 51. Kg6 {[%emt 0:00:13]} Ke7 {[%emt 0:00:44]} 52. h4 {[%emt 0:00:49]} Kf8 {[%emt 0:00:05]} 53. h5 {[%emt 0:00:21]} 1-0

[Event "1st Gujarat GM Open 2018"]
[Site "Ahmedabad"]
[Date "2018.10.07"]
[Round "4"]
[White "Kasparov, Sergey"]
[Black "Navalgund, Niranjan"]
[Result "1/2-1/2"]
[WhiteElo "2453"]
[BlackElo "2245"]
[Annotator "ChessBase"]
[PlyCount "119"]
[EventDate "2018.10.05"]
[EventType "swiss"]
[EventCountry "IND"]
[SourceTitle "playchess.com"]
[Source "ChessBase"]
[SourceQuality "1"]
[TimeControl "5400+30"]

1. e4 {[%emt 0:00:00]} e5 {[%emt 0:00:00]} 2. Nf3 {[%emt 0:00:00]} Nc6 {[%emt 0:00:00]} 3. Bb5 {[%emt 0:00:00]} a6 {[%emt 0:00:00]} 4. Ba4 {[%emt 0:00:00]} Nf6 {[%emt 0:00:06]} 5. Bxc6 {[%emt 0:00:01]} dxc6 {[%emt 0:00:03]} 6. d3 {[%emt 0:00:17]} Bd6 {[%emt 0:00:36]} 7. Nbd2 {[%emt 0:00:59]} c5 {[%emt 0:00:32]} 8. Nc4 {[%emt 0:01:44]} Nd7 {[%emt 0:00:19]} 9. O-O {[%emt 0:00:44]} O-O {[%emt 0:00:25]} 10. b3 {[%emt 0:00:17]} f6 {[%emt 0:06:50]} 11. Nh4 {[%emt 0:01:27]} Rf7 {[%emt 0:00:18]} 12. Nf5 {[%emt 0:10:49]} Nb8 {[%emt 0:00:46]} 13. Nfxd6 {[%emt 0:02:31]} cxd6 {[%emt 0:00:15]} 14. f4 {[%emt 0:00:09]} b5 {[%emt 0:03:39]} 15. Ne3 {[%emt 0:01:16]} exf4 {[%emt 0:01:40]} 16. Rxf4 {[%emt 0:00:18]} Be6 {[%emt 0:07:50]} 17. c4 {[%emt 0:02:35]} Nc6 {[%emt 0:01:35]} 18. Bb2 {[%emt 0:01:17]} Qd7 {[%emt 0:05:51]} 19. Qd2 {[%emt 0:03:20]} f5 {[%emt 0:04:09]} 20. exf5 {[%emt 0:01:42]} Bxf5 {[%emt 0:00:05]} 21. Raf1 {[%emt 0:00:56]} Raf8 {[%emt 0:00:18]} 22. d4 {[%emt 0:06:14]} cxd4 {[%emt 0:02:49]} 23. Bxd4 {[%emt 0:00:53]} Be6 {[%emt 0:01:32]} 24. Rxf7 {[%emt 0:02:36]} Rxf7 {[%emt 0:00:03]} 25. Rxf7 {[%emt 0:01:44]} Qxf7 {[%emt 0:05:05]} 26. cxb5 {[%emt 0:06:38]} axb5 {[%emt 0:00:02]} 27. Qc3 {[%emt 0:01:03]} Bd7 {[%emt 0:01:01]} 28. Nf1 {[%emt 0:03:59]} Qg6 {[%emt 0:15:36]} 29. Bf2 {[%emt 0:07:16]} Qe4 {[%emt 0:01:57]} 30. h3 {[%emt 0:04:08]} Qe5 {[%emt 0:03:57]} 31. Qd2 {[%emt 0:01:43]} d5 {[%emt 0:05:11]} 32. Ng3 {[%emt 0:02:32]} Nd8 {[%emt 0:02:09]} 33. Ne2 {[%emt 0:03:17]} Ne6 {[%emt 0:02:18]} 34. Bg3 {[%emt 0:06:30]} Qf5 {[%emt 0:00:03]} 35. Nd4 {[%emt 0:02:20]} Nxd4 {[%emt 0:07:59]} 36. Qxd4 {[%emt 0:00:28]} Qe4 {[%emt 0:01:41]} 37. Qa7 {[%emt 0:02:22]} Bc6 {[%emt 0:03:26]} 38. Qb8+ {[%emt 0:00:54]} Qe8 {[%emt 0:00:30]} 39. Qb6 {[%emt 0:01:25]} Bd7 {[%emt 0:03:43]} 40. Bf2 {[%emt 0:04:22]} Bc6 {[%emt 0:06:00]} 41. Bd4 {[%emt 0:02:36]} h6 {[%emt 0:00:27]} 42. Qc7 {[%emt 0:01:07]} Qd7 {[%emt 0:00:02]} 43. Qe5 {[%emt 0:00:25]} Qf7 {[%emt 0:00:53]} 44. Kh2 {[%emt 0:01:01]} Kh7 {[%emt 0:00:53]} 45. g4 {[%emt 0:00:19]} Qg6 {[%emt 0:00:37]} 46. Kg3 {[%emt 0:01:37]} Qd3+ {[%emt 0:00:09]} 47. Kf2 {[%emt 0:00:58]} Qd2+ {[%emt 0:00:17]} 48. Kf3 {[%emt 0:00:28]} Qd3+ {[%emt 0:00:23]} 49. Qe3 {[%emt 0:00:26]} Qxe3+ {[%emt 0:01:09]} 50. Kxe3 {[%emt 0:00:33]} g5 {[%emt 0:01:13]} 51. Kd2 {[%emt 0:02:25]} h5 {[%emt 0:00:50]} 52. Kc3 {[%emt 0:01:32]} hxg4 {[%emt 0:00:27]} 53. hxg4 {[%emt 0:00:02]} Kg6 {[%emt 0:01:12]} 54. Kb4 {[%emt 0:00:13]} Kf7 {[%emt 0:01:20]} 55. Kc5 {[%emt 0:03:20]} Bd7 {[%emt 0:00:01]} 56. a3 {[%emt 0:02:37]} Ke7 {[%emt 0:00:30]} 57. b4 {[%emt 0:01:16]} Kf7 {[%emt 0:00:14]} 58. Be3 {[%emt 0:02:39]} Kf6 {[%emt 0:00:05]} 59. Bd4+ {[%emt 0:00:06]} Kf7 {[%emt 0:00:11]} 60. Be3 {[%emt 0:00:45]} 1/2-1/2